Closet of beauties/ (Record no. 164938)

MARC details
000 -LEADER
fixed length control field 00616nam a22001937a 4500
005 - DATE AND TIME OF LATEST TRANSACTION
control field 20220303142231.0
010 ## - LCCN (DPL NO)
LC control number ENG-125408
020 ## - INTERNATIONAL STANDARD BOOK NUMBER
Terms of availability 250.00
035 ## - SYSTEM CONTROL NUMBER
System control number EN-108940
037 ## - SOURCE OF ACQUISITION
Source of stock number/acquisition DBAD/PUB
082 ## - DEWEY DECIMAL CLASSIFICATION NUMBER
Classification number 881
100 ## - MAIN ENTRY--PERSONAL NAME
Personal name Mansoor, Khushtar
245 ## - TITLE STATEMENT
Title Closet of beauties/
Statement of responsibility, etc by Mansoor Khushter; trans. by Syed Mahmood Ahmad Karimi
260 ## - PUBLICATION, DISTRIBUTION, ETC. (IMPRINT)
Place of publication, distribution, etc Delhi
Name of publisher, distributor, etc Educational Publishing House
Date of publication, distribution, etc 2018
270 ## - ADDRESS
Address 3191, Vakil Street, Kucha Pandit, Lal Kuan
City Delhi
Postal code 110006
Electronic mail address info@ephbooks.com
300 ## - PHYSICAL DESCRIPTION
Extent 160p.
Dimensions 23cm(hbk)
700 ## - ADDED ENTRY--PERSONAL NAME
Personal name Syed Mahmood Ahmad Karimi
942 ## - ADDED ENTRY ELEMENTS (KOHA)
Source of classification or shelving scheme Dewey Decimal Classification
Item type English Books
Classification part 881
Call number prefix MAN
Holdings
Withdrawn status Lost status Not for loan Collection code Home library Current library Date acquired Source of acquisition Cost, normal purchase price Full call number Barcode Copy number Cost, replacement price Koha item type
      Non-fiction Bawana Bawana 30/05/2019 DBAD/PUB 250.00 881 KHU EN-108940 1 250.00 English Books

© Delhi Public Library
Hit Counter
free hit counter